|
|
|
|
| LEADER |
02193cam a2200601 i 4500 |
| 001 |
nkc20162812190 |
| 003 |
CZ PrNK |
| 005 |
20260604093216.0 |
| 007 |
ta |
| 008 |
160721s2016 xr a b 000 0 cze d |
| 015 |
|
|
|a cnb002812190
|
| 020 |
|
|
|a 978-80-256-1794-6
|q (vázáno)
|
| 035 |
|
|
|a (OCoLC)960190238
|
| 040 |
|
|
|a HKG001
|b cze
|d UOG505
|d OLA001
|e rda
|
| 041 |
1 |
|
|a cze
|h eng
|
| 072 |
|
7 |
|a 551
|x Geologie. Meteorologie. Klimatologie
|2 Konspekt
|9 7
|
| 072 |
|
7 |
|a 0/9-053.2
|x Literatura pro děti a mládež (naučná)
|2 Konspekt
|9 26
|
| 080 |
|
|
|a 551.578.1
|2 MRF
|
| 080 |
|
|
|a 551.515
|2 MRF
|
| 080 |
|
|
|a (0.053.2)
|2 MRF
|
| 080 |
|
|
|a (0.025.2)
|2 MRF
|
| 100 |
1 |
|
|a Pym, Christine,
|d 1984-
|7 pna2014850302
|4 ill
|
| 240 |
1 |
0 |
|a What makes it rain?.
|l Česky
|
| 245 |
1 |
0 |
|a Odkud přichází déšť? :
|b první otázky a odpovědi /
|c ilustrace Christine Pym ; napsala Katie Daynes
|
| 250 |
|
|
|a První české vydání
|
| 264 |
|
1 |
|a Praha :
|b Svojtka & Co., s.r.o.,
|c 2016
|
| 300 |
|
|
|a 14 nečíslovaných stran :
|b barevné ilustrace ;
|c 23 cm
|
| 336 |
|
|
|a text
|b txt
|2 rdacontent
|
| 336 |
|
|
|a statický obraz
|b sti
|2 rdacontent
|
| 337 |
|
|
|a bez média
|b n
|2 rdamedia
|
| 338 |
|
|
|a svazek
|b nc
|2 rdacarrier
|
| 490 |
1 |
|
|a Podívej se pod okénko
|
| 500 |
|
|
|a Z angličtiny přeložila Erika Stařecká
|
| 500 |
|
|
|a Kartonové listy s odklápěcími okénky
|
| 521 |
8 |
|
|a Pro děti od 3 let
|
| 650 |
0 |
7 |
|a počasí
|7 ph124495
|2 czenas
|
| 650 |
0 |
7 |
|a dešťové srážky
|7 ph119414
|2 czenas
|
| 650 |
0 |
9 |
|a weather
|2 eczenas
|
| 650 |
0 |
9 |
|a rainfall
|2 eczenas
|
| 655 |
|
7 |
|a leporela
|7 fd132727
|2 czenas
|
| 655 |
|
7 |
|a publikace pro děti
|7 fd133156
|2 czenas
|
| 655 |
|
9 |
|a folding picture-books
|2 eczenas
|
| 655 |
|
9 |
|a children's literature
|2 eczenas
|
| 700 |
1 |
|
|a Daynes, Katie
|7 kv2011648706
|4 aut
|
| 700 |
1 |
|
|a Stařecká, Erika
|7 xx0034965
|4 trl
|
| 710 |
2 |
|
|a Svojtka & Co. (nakladatelství)
|7 ko20251261577
|4 pbl
|
| 830 |
|
0 |
|a Podívej se pod okénko
|0 s
|
| 910 |
2 |
|
|a BOA001
|b 2-1374.034
|
| 920 |
|
|
|a 0659186
|z CBA001
|
| 990 |
|
|
|a BK
|
| 995 |
|
|
|a 01
|
| 991 |
|
|
|b 201609
|c NOV
|
| 996 |
6 |
|
|b 2610682221
|c 2-1374.034
|l MZK
|r Sklad / do 1 hodiny
|n 1
|p p.v.
|w 001578719
|u 000010
|a 1
|e BOA001
|j MZK50
|s P
|